<?xml version="1.0" encoding="UTF-8"?><?xml-stylesheet type="text/xsl" href="static/style.xsl"?><OAI-PMH xmlns="http://www.openarchives.org/OAI/2.0/" xmlns:xsi="http://www.w3.org/2001/XMLSchema-instance" xsi:schemaLocation="http://www.openarchives.org/OAI/2.0/ http://www.openarchives.org/OAI/2.0/OAI-PMH.xsd"><responseDate>2026-04-13T04:07:38Z</responseDate><request verb="GetRecord" identifier="oai:www.recercat.cat:2117/444628" metadataPrefix="marc">https://recercat.cat/oai/request</request><GetRecord><record><header><identifier>oai:recercat.cat:2117/444628</identifier><datestamp>2026-03-08T00:13:37Z</datestamp><setSpec>com_2072_1033</setSpec><setSpec>col_2072_452949</setSpec></header><metadata><record xmlns="http://www.loc.gov/MARC21/slim" xmlns:dcterms="http://purl.org/dc/terms/" xmlns:xsi="http://www.w3.org/2001/XMLSchema-instance" xmlns:doc="http://www.lyncode.com/xoai" xsi:schemaLocation="http://www.loc.gov/MARC21/slim http://www.loc.gov/standards/marcxml/schema/MARC21slim.xsd">
   <leader>00925njm 22002777a 4500</leader>
   <datafield ind2=" " ind1=" " tag="042">
      <subfield code="a">dc</subfield>
   </datafield>
   <datafield ind2=" " ind1=" " tag="720">
      <subfield code="a">Santalla Blanco, Luis Manuel</subfield>
      <subfield code="e">author</subfield>
   </datafield>
   <datafield ind2=" " ind1=" " tag="260">
      <subfield code="c">2025-10-28</subfield>
   </datafield>
   <datafield ind2=" " ind1=" " tag="520">
      <subfield code="a">En la edición de 2025 se desarrolló el taller LEÑO, dirigido por el estudio Flu-or, como aplicación práctica de investigaciones doctorales previas sobre docencia en arquitectura. El taller se diseñó desde indicadores de calidad educativa y experiencias de egresados, integrando la tradición internacional design/build (Rural Studio, DesignBuildBLUFF, Mestre &amp; Basso 2021) y el aprendizaje cooperativo en talleres verticales (Fernández &amp; Rubert de Ventós 2017). Durante dos jornadas, 30 estudiantes de distintos cursos construyeron colectivamente un mueble urbano en madera, ubicado en un espacio residual de la escuela. La metodología combinó fases de replanteo, diseño, prefabricación y montaje, con roles rotatorios que aseguraron la interacción inter-niveles. La evaluación cualitativa y cuantitativa mostró un alto grado de satisfacción (92% de apoyo a replicar experiencias similares) y validó la hipótesis: los talleres guiados por indicadores previos refuerzan competencias y motivación estudiantil..</subfield>
   </datafield>
   <datafield ind2=" " ind1=" " tag="520">
      <subfield code="a">In the 2025 edition of FETSAC, the LEÑO workshop was developed under the direction of the Flu-or studio as a practical application of previous doctoral research on architectural education. The workshop was designed based on quality educational indicators and alumni experiences, integrating the international design/build tradition (Rural Studio, DesignBuildBLUFF, Mestre &amp; Basso 2021) and cooperative learning in vertical studios (Fernández &amp; Rubert de Ventós 2017). Over the course of two days, 30 students from different academic years collectively built an urban wooden furniture piece, located in a residual area of the school. The methodology combined stages of layout, design, prefabrication, and assembly, with rotating roles that ensured inter-level interaction. Both qualitative and quantitative evaluation revealed a high degree of satisfaction (92% support for replicating similar experiences) and validated the hypothesis: workshops guided by prior indicators strengthen student competencies and motivation.</subfield>
   </datafield>
   <datafield ind2=" " ind1=" " tag="520">
      <subfield code="a">El Congreso (22893/OC/25) ha sido financiado por la Consejería de Medio Ambiente, Universidades, Investigación y Mar Menor, a través de la Fundación Séneca-Agencia de Ciencia y Tecnología de la Región de Murcia (http://www.fseneca.es) con cargo al Programa Regional de Movilidad, Colaboración internacional e Intercambio de Conocimiento “Jiménez de la Espada” en el marco de la convocatoria de ayudas a la organización de congresos y reuniones científico-técnicas (plan de actuación 2025).</subfield>
   </datafield>
   <datafield ind2=" " ind1=" " tag="520">
      <subfield code="a">Peer Reviewed</subfield>
   </datafield>
   <datafield tag="653" ind2=" " ind1=" ">
      <subfield code="a">Àrees temàtiques de la UPC::Arquitectura</subfield>
   </datafield>
   <datafield tag="653" ind2=" " ind1=" ">
      <subfield code="a">Àrees temàtiques de la UPC::Urbanisme</subfield>
   </datafield>
   <datafield tag="653" ind2=" " ind1=" ">
      <subfield code="a">Àrees temàtiques de la UPC::Ensenyament i aprenentatge</subfield>
   </datafield>
   <datafield tag="653" ind2=" " ind1=" ">
      <subfield code="a">Architecture -- Study and teaching (Higher)</subfield>
   </datafield>
   <datafield tag="653" ind2=" " ind1=" ">
      <subfield code="a">Service learning</subfield>
   </datafield>
   <datafield tag="653" ind2=" " ind1=" ">
      <subfield code="a">Team learning approach in education</subfield>
   </datafield>
   <datafield tag="653" ind2=" " ind1=" ">
      <subfield code="a">Arquitectura</subfield>
   </datafield>
   <datafield tag="653" ind2=" " ind1=" ">
      <subfield code="a">Taller</subfield>
   </datafield>
   <datafield tag="653" ind2=" " ind1=" ">
      <subfield code="a">Construcción</subfield>
   </datafield>
   <datafield tag="653" ind2=" " ind1=" ">
      <subfield code="a">Indicadores</subfield>
   </datafield>
   <datafield tag="653" ind2=" " ind1=" ">
      <subfield code="a">Mobiliario</subfield>
   </datafield>
   <datafield tag="653" ind2=" " ind1=" ">
      <subfield code="a">Architecture</subfield>
   </datafield>
   <datafield tag="653" ind2=" " ind1=" ">
      <subfield code="a">Workshop</subfield>
   </datafield>
   <datafield tag="653" ind2=" " ind1=" ">
      <subfield code="a">Construction</subfield>
   </datafield>
   <datafield tag="653" ind2=" " ind1=" ">
      <subfield code="a">Indicators</subfield>
   </datafield>
   <datafield tag="653" ind2=" " ind1=" ">
      <subfield code="a">Furniture</subfield>
   </datafield>
   <datafield tag="653" ind2=" " ind1=" ">
      <subfield code="a">Arquitectura -- Ensenyament universitari</subfield>
   </datafield>
   <datafield tag="653" ind2=" " ind1=" ">
      <subfield code="a">Aprenentatge servei</subfield>
   </datafield>
   <datafield tag="653" ind2=" " ind1=" ">
      <subfield code="a">Aprenentatge -- Treball en equip</subfield>
   </datafield>
   <datafield ind2="0" ind1="0" tag="245">
      <subfield code="a">LEÑO: taller de construcción en grupo tras un análisis de indicadores de la enseñanza</subfield>
   </datafield>
   <datafield ind2="0" ind1="0" tag="245">
      <subfield code="a">LEÑO: group construction workshop following an analysis of teaching indicators</subfield>
   </datafield>
</record></metadata></record></GetRecord></OAI-PMH>